000 00627nam a22001937a 4500
005 20241011142041.0
010 _aENG-141405 ENG-142158
020 _a9789357943475
_c795.00
035 _aEN-125690
037 _bDBAD
082 _a321.07
100 _aPlato
_972686
245 _aThe Republic/
_cBy Plato and Translated by Benjamin Jowett
260 _aNew Delhi
_bV&S Publishers
270 _aF-2/16, Ansari road, Daryaganj,
_bNew Delhi
_e110002
_minfo@vspublishers.com
_k23240026,27,28
300 _a528p.
_c22cm(pb)
700 _970456
_aBenjamin Jowett
_eTranslated by
942 _2ddc
_cEN
_h321.07
_mPLA
999 _c205241
_d205241